[Event "Alberta-ch"]
[Site "Calgary CAN"]
[Date "2003.04.19"]
[Round "5"]
[White "Haessel, Dale"]
[Black "Ristovic, Nenad"]
[Result "0-1"]
[WhiteElo "2224"]
[BlackElo "2329"]
[PlyCount "90"]
[EventDate "2003.04.17"]
[EventType "tourn"]
[EventRounds "7"]
[EventCountry "CAN"]

1. c4 e6 2. g3 d5 3. Bg2 c6 4. Nf3 Bd6 5. O-O Ne7 6. b3 O-O 7. Bb2 Qb6 8. Qc2
Nd7 9. Nc3 Nf6 10. d4 Qd8 11. Rad1 h6 12. e4 Bc7 13. Rfe1 Ba5 14. Nd2 a6 15. a4
Bb4 16. e5 Nd7 17. Na2 Ba5 18. Ba3 Re8 19. Nc3 Nf8 20. f4 Nf5 21. Nf3 Ng6 22.
b4 Bc7 23. c5 b6 24. Rb1 b5 25. Kf2 f6 26. Bc1 fxe5 27. fxe5 Rf8 28. Kg1 Bd7
29. Ra1 a5 30. axb5 cxb5 31. Bd2 axb4 32. Ne2 Ra4 33. Rxa4 bxa4 34. Bxb4 Ba5
35. Rb1 Nge7 36. Bd2 Bxd2 37. Qxd2 Nc6 38. Rb6 Qa8 39. Nc3 Na5 40. Qa2 Nc4 41.
Rb4 Qa5 42. Qb1 Nfe3 43. Na2 Nxg2 44. Kxg2 Rxf3 45. Rxc4 Rb3 0-1

[Event "Alberta-ch"]
[Site "Calgary CAN"]
[Date "2003.04.19"]
[Round "5"]
[White "Nguyen, Kim"]
[Black "Yearwood, Roy"]
[Result "1/2-1/2"]
[WhiteElo "1961"]
[BlackElo "2125"]
[PlyCount "55"]
[EventDate "2003.04.17"]
[EventType "tourn"]
[EventRounds "7"]
[EventCountry "CAN"]

1. e4 e6 2. d4 d5 3. Nd2 c5 4. exd5 Nf6 5. Ngf3 cxd4 6. Nxd4 Qxd5 7. Nb5 Na6 8.
Qf3 Qxf3 9. Nxf3 Bc5 10. Bd3 Bd7 11. Ne5 O-O 12. Nxd7 Nxd7 13. a3 Rac8 14. O-O
f5 15. Bf4 e5 16. Bc4+ Kh8 17. Be6 exf4 18. Bxd7 Rcd8 19. Rad1 Nb8 20. Be6 a6
21. Nc7 Nc6 22. b4 Bd6 23. Nd5 g5 24. c4 Be5 25. Rfe1 Bb2 26. a4 Nd4 27. Rd2
Nxe6 28. Rxb2 1/2-1/2

[Event "Alberta-ch"]
[Site "Calgary CAN"]
[Date "2003.04.19"]
[Round "5"]
[White "Yearwood, Roy"]
[Black "Haessel, Dale"]
[Result "0-1"]
[WhiteElo "2125"]
[BlackElo "2224"]
[PlyCount "66"]
[EventDate "2003.04.17"]
[EventType "tourn"]
[EventRounds "7"]
[EventCountry "CAN"]

1. e4 c5 2. Nc3 Nc6 3. g3 g6 4. Bg2 Bg7 5. f4 d6 6. Nf3 e5 7. d3 Nge7 8. fxe5
dxe5 9. Be3 Nd4 10. Qd2 Bg4 11. Ng1 Qb6 12. h3 Be6 13. Nd1 Rd8 14. c3 Ndc6 15.
b4 Qa6 16. bxc5 Rxd3 17. Qc1 Qa5 18. Ne2 Nd4 19. Bxd4 exd4 20. Qc2 Rxc3 21.
Ndxc3 dxc3 22. Rb1 O-O 23. Rxb7 Qxc5 24. Rf1 Nc6 25. Rf3 Nb4 26. Qa4 Nxa2 27.
Qxa7 Qxa7 28. Rxa7 Rc8 29. e5 c2 30. Rfa3 c1=Q+ 31. Nxc1 Rxc1+ 32. Kf2 Rc2+ 33.
Kg1 Bxe5 0-1

[Event "Alberta-ch"]
[Site "Calgary CAN"]
[Date "2003.04.20"]
[Round "6"]
[White "Nguyen, Kim"]
[Black "Boehmer, Kris"]
[Result "1/2-1/2"]
[WhiteElo "1961"]
[BlackElo "2020"]
[PlyCount "59"]
[EventDate "2003.04.17"]
[EventType "tourn"]
[EventRounds "7"]
[EventCountry "CAN"]

1. e4 c5 2. Nf3 Nc6 3. Bb5 g6 4. Bxc6 dxc6 5. d3 Bg7 6. O-O e5 7. Be3 Qe7 8. h3
Nf6 9. Qd2 O-O 10. a4 Rd8 11. Qc3 Nd7 12. a5 Kh8 13. Nbd2 Rb8 14. Nb3 b6 15.
axb6 axb6 16. Ra7 Rb7 17. Rfa1 Rxa7 18. Rxa7 Qd6 19. Ng5 Rf8 20. Qc4 Kg8 21.
Ra8 Qe7 22. Qa4 Bb7 23. Ra7 Rb8 24. Nd2 h6 25. Ngf3 Qd8 26. Qb3 Qc7 27. Nh4 Kf8
28. Ra1 Qd8 29. g3 Bc8 30. Rf1 1/2-1/2

[Event "Alberta-ch"]
[Site "Calgary CAN"]
[Date "2003.04.20"]
[Round "7"]
[White "Haessel, Dale"]
[Black "Hughey, Micah"]
[Result "0-1"]
[WhiteElo "2224"]
[BlackElo "2106"]
[PlyCount "92"]
[EventDate "2003.04.17"]
[EventType "tourn"]
[EventRounds "7"]
[EventCountry "CAN"]

1. Nf3 d5 2. g3 Bg4 3. Bg2 Nd7 4. c4 c6 5. O-O Ngf6 6. d4 e6 7. Nc3 Be7 8. b3
O-O 9. h3 Bh5 10. g4 Bg6 11. Nh4 Be4 12. f3 Bg6 13. Nxg6 fxg6 14. e4 Qc7 15.
Be3 Rad8 16. Qe2 e5 17. cxd5 cxd5 18. Rac1 dxe4 19. Nd5 Qd6 20. Nxe7+ Qxe7 21.
fxe4 exd4 22. Bxd4 b6 23. e5 Ne8 24. Bd5+ Kh8 25. Qc4 h5 26. Rxf8+ Nxf8 27. Rf1
Nh7 28. Bg2 Ng5 29. Bc3 Nc7 30. Qe2 Qc5+ 31. Kh1 Qxc3 32. gxh5 Qd2 33. Qg4 gxh5
34. Qxh5+ Kg8 35. h4 Nge6 36. Qf7+ Kh8 37. Be4 Qh6 38. h5 Qg5 39. Bg6 Qh4+ 40.
Kg1 Qg3+ 41. Kh1 Qh3+ 42. Kg1 Nd5 43. Bf5 Qg3+ 44. Kh1 Ndf4 45. Be4 Qh3+ 46.
Kg1 Qe3+ 0-1

[Event "Alberta-ch"]
[Site "Calgary CAN"]
[Date "2003.04.20"]
[Round "7"]
[White "Huber, Greg"]
[Black "Nguyen, Kim"]
[Result "1-0"]
[WhiteElo "2295"]
[BlackElo "1961"]
[PlyCount "47"]
[EventDate "2003.04.17"]
[EventType "tourn"]
[EventRounds "7"]
[EventCountry "CAN"]

1. e4 c5 2. Nf3 d6 3. d4 cxd4 4. Nxd4 Nf6 5. Nc3 a6 6. Be2 e5 7. Nb3 Be7 8. O-O
Be6 9. f4 exf4 10. Bxf4 Nc6 11. Kh1 Rc8 12. Nd4 Ne5 13. Nxe6 fxe6 14. Bxe5 dxe5
15. Bd3 O-O 16. Qe2 Qb6 17. Nd1 Rc7 18. a3 Rd8 19. b3 Rd4 20. Ne3 Rcd7 21. Nc4
Qc7 22. a4 b5 23. axb5 axb5 24. Nd2 1-0

[Event "Alberta-ch"]
[Site "Calgary CAN"]
[Date "2003.04.20"]
[Round "7"]
[White "Ristovic, Nenad"]
[Black "Gardner, Robert"]
[Result "0-1"]
[WhiteElo "2329"]
[BlackElo "2260"]
[PlyCount "112"]
[EventDate "2003.04.17"]
[EventType "tourn"]
[EventRounds "7"]
[EventCountry "CAN"]

1. d4 Nf6 2. c4 c5 3. d5 b5 4. cxb5 a6 5. bxa6 g6 6. b3 Bg7 7. Bb2 d6 8. g3
Nxa6 9. Bg2 Bb7 10. Nh3 Nb4 11. Nf4 Rxa2 12. Rxa2 Nxa2 13. O-O O-O 14. Nd2 Nb4
15. Nc4 g5 16. Bxf6 Bxf6 17. Nh5 Bh8 18. Qd2 f6 19. Ra1 Qe8 20. g4 h6 21. Ra7
Qb8 22. Ra4 Bc8 23. h3 f5 24. Na5 fxg4 25. Nc6 Nxc6 26. dxc6 gxh3 27. Qd3 Bf5
28. Be4 e6 29. Bxf5 Rxf5 30. c7 h2+ 31. Kh1 Qxc7 32. Ra8+ Kh7 33. Rf8 Qc6+ 34.
Kxh2 Qd5 35. Qc2 Be5+ 36. Kg1 Kg6 37. e4 Rxf2 38. Rxf2 Qb7 39. Nf6 h5 40. Ne8
Qe7 41. Nf6 Qd8 42. Kg2 Kh6 43. Nd5 exd5 44. exd5 Qd7 45. Qe4 Bf4 46. Rxf4 gxf4
47. Qxf4+ Kg6 48. Qe4+ Qf5 49. Qe8+ Kg5 50. Qe7+ Qf6 51. Qe3+ Kg6 52. Qe8+ Kg7
53. Qd7+ Kh6 54. Qc6 h4 55. b4 cxb4 56. Qd7 Qg7+ 0-1

[Event "Alberta-ch Reserves"]
[Site "Calgary CAN"]
[Date "2003.04.19"]
[Round "1"]
[White "Chi, Jonathan"]
[Black "Cho, Mark"]
[Result "1-0"]
[WhiteElo "1706"]
[BlackElo "1298"]
[PlyCount "77"]
[EventDate "2003.04.19"]
[EventType "swiss"]
[EventRounds "5"]
[EventCountry "CAN"]

1. d4 d5 2. c4 Nf6 3. cxd5 Nxd5 4. e4 Nf6 5. Nc3 Bg4 6. f3 Be6 7. Bf4 Nh5 8.
Be3 g6 9. d5 Bd7 10. Bd4 Bg7 11. Bxg7 Nxg7 12. Qd4 O-O 13. Bc4 e6 14. Rd1 c5
15. Qxc5 e5 16. Qb4 Na6 17. Bxa6 bxa6 18. Qd6 f6 19. Qxa6 Bc8 20. Qc4 Qd6 21.
Qc6 Qxc6 22. dxc6 Be6 23. Nd5 Rac8 24. Ne7+ Kf7 25. Nxc8 Bxc8 26. Ne2 Ne6 27.
Kf2 h5 28. Rc1 Nf4 29. Nxf4 exf4 30. Rhd1 g5 31. c7 Kg6 32. Rd8 Rf7 33. Rxc8 h4
34. Rg8+ Kh7 35. c8=Q Rg7 36. Rxg7+ Kxg7 37. Rc7+ Kg6 38. Qf5+ Kh5 39. Rh7# 1-0

[Event "Alberta-ch Reserves"]
[Site "Calgary CAN"]
[Date "2003.04.19"]
[Round "1"]
[White "Kazakevich, Alexander"]
[Black "Anderson, Ashton"]
[Result "0-1"]
[WhiteElo "1674"]
[BlackElo "1940"]
[PlyCount "82"]
[EventDate "2003.04.19"]
[EventType "swiss"]
[EventRounds "5"]
[EventCountry "CAN"]

1. e4 c5 2. d4 cxd4 3. c3 dxc3 4. Nxc3 Nc6 5. Nf3 e6 6. Bc4 a6 7. O-O Bc5 8.
Qe2 Nge7 9. Bf4 Ng6 10. Bg3 O-O 11. Rfd1 b5 12. Bb3 Bb7 13. Bd6 Bxd6 14. Rxd6
Na5 15. Rad1 Bc6 16. Nd4 Qg5 17. Nxc6 dxc6 18. Bc2 Nf4 19. Qf3 Nc4 20. Rxc6 Ne5
21. Qg3 Qxg3 22. hxg3 Nxc6 23. gxf4 Rfd8 24. Kf1 Rxd1+ 25. Bxd1 Nd4 26. Ke1 Kf8
27. Ne2 Rd8 28. Nxd4 Rxd4 29. f3 Ke7 30. Ke2 Kd6 31. Bc2 Kc5 32. Ke3 a5 33. Bd3
Rb4 34. b3 a4 35. Bc2 axb3 36. Bxb3 Rxb3+ 37. axb3 Kb4 38. g4 Kxb3 39. e5 Kc3
40. f5 b4 41. fxe6 fxe6 0-1

[Event "Alberta-ch Reserves"]
[Site "Calgary CAN"]
[Date "2003.04.19"]
[Round "1"]
[White "Kornilo, Ivan"]
[Black "Bentley, Bill"]
[Result "1/2-1/2"]
[WhiteElo "1637"]
[BlackElo "1834"]
[PlyCount "57"]
[EventDate "2003.04.19"]
[EventType "swiss"]
[EventRounds "5"]
[EventCountry "CAN"]

1. d4 d5 2. Nf3 e6 3. c4 Nf6 4. Nc3 c6 5. Bf4 dxc4 6. a4 Qa5 7. Qc1 Ne4 8. Nd2
Nxd2 9. Bxd2 Bb4 10. e3 Bxc3 11. Bxc3 Qd5 12. Bb4 a5 13. Ba3 b5 14. axb5 cxb5
15. b3 Ba6 16. bxc4 bxc4 17. Bc5 Nc6 18. f3 Qg5 19. Kf2 Rb8 20. Ra2 Rb3 21. Rb2
a4 22. Rxb3 axb3 23. Bxc4 Bxc4 24. Qxc4 Qd5 25. Qxd5 exd5 26. Rb1 Na5 27. Bb4
Nc4 28. Rxb3 Kd7 29. Bc5 1/2-1/2

[Event "Alberta-ch Reserves"]
[Site "Calgary CAN"]
[Date "2003.04.19"]
[Round "2"]
[White "Anderson, Ashton"]
[Black "Sokol, Ante"]
[Result "1-0"]
[WhiteElo "1940"]
[BlackElo "1748"]
[PlyCount "71"]
[EventDate "2003.04.19"]
[EventType "swiss"]
[EventRounds "5"]
[EventCountry "CAN"]

1. e4 d6 2. d4 Nf6 3. Nc3 g6 4. Be3 Bg7 5. f3 c6 6. Qd2 O-O 7. g4 e5 8. O-O-O
a5 9. dxe5 Nxg4 10. fxg4 Bxg4 11. Be2 Bxe2 12. Ngxe2 Bxe5 13. Bd4 Qc7 14. Bxe5
dxe5 15. Ng3 a4 16. Nf5 f6 17. Qh6 Rf7 18. Rhg1 b5 19. Rxg6+ hxg6 20. Qxg6+ Kf8
21. Rg1 Ke8 22. Qg8+ Rf8 23. Ng7+ Ke7 24. Nf5+ Ke8 25. Ng7+ Ke7 26. Qxf8+ Kxf8
27. Ne6+ Kf7 28. Nxc7 Ra5 29. Ne8 b4 30. Nd1 Nd7 31. Nd6+ Ke6 32. Ne3 b3 33. a3
Nb6 34. Nef5 bxc2 35. Rg7 Nd5 36. exd5+ 1-0

[Event "Alberta-ch Reserves"]
[Site "Calgary CAN"]
[Date "2003.04.19"]
[Round "2"]
[White "Tot, Nandor"]
[Black "Kornilo, Ivan"]
[Result "1-0"]
[WhiteElo "2118"]
[BlackElo "1637"]
[PlyCount "74"]
[EventDate "2003.04.19"]
[EventType "swiss"]
[EventRounds "5"]
[EventCountry "CAN"]

1. c4 Nf6 2. Nc3 e6 3. d4 d5 4. Bg5 Be7 5. e3 O-O 6. Nf3 Nbd7 7. Bd3 a6 8. O-O
dxc4 9. Bxc4 b5 10. Bb3 Bb7 11. Rc1 c5 12. a3 Rc8 13. Qe2 Qb6 14. Rfd1 Rfd8 15.
Ne5 cxd4 16. exd4 h6 17. Be3 Qa5 18. Nd3 Nb6 19. Nc5 Bxc5 20. dxc5 Nbd5 21.
Nxd5 Nxd5 22. Bd2 Qc7 23. Bxd5 Rxd5 24. b4 Rcd8 25. Be3 Qc6 26. f3 Rxd1+ 27.
Rxd1 Rxd1+ 28. Qxd1 Qd5 29. Qxd5 Bxd5 30. f4 f5 31. Kf2 Kf7 32. g3 h5 33. Bd4
g6 34. Ke2 Ke7 35. Be5 Bc6 36. Kd3 Bb7 37. Bg7 Bc6 1-0

[Event "Alberta-ch Reserves"]
[Site "Calgary CAN"]
[Date "2003.04.19"]
[Round "2"]
[White "Zaradic, Anthony"]
[Black "Cho, Mark"]
[Result "1-0"]
[WhiteElo "1689"]
[BlackElo "1298"]
[PlyCount "31"]
[EventDate "2003.04.19"]
[EventType "swiss"]
[EventRounds "5"]
[EventCountry "CAN"]

1. f4 d5 2. e3 Bf5 3. Nf3 Nc6 4. d4 e6 5. c3 Bd6 6. Bd3 Nf6 7. O-O O-O 8. Ne5
Nxe5 9. fxe5 h6 10. exf6 gxf6 11. Bxf5 exf5 12. Rxf5 Kh7 13. Qh5 Qe7 14. Na3
Rg8 15. e4 Qxe4 16. Qxh6# 1-0

[Event "Alberta-ch Reserves"]
[Site "Calgary CAN"]
[Date "2003.04.19"]
[Round "3"]
[White "Cho, Mark"]
[Black "Swiecicki, Bronislav"]
[Result "0-1"]
[WhiteElo "1298"]
[BlackElo "1633"]
[PlyCount "30"]
[EventDate "2003.04.19"]
[EventType "swiss"]
[EventRounds "5"]
[EventCountry "CAN"]

1. e4 e5 2. Nf3 Nc6 3. d3 Bc5 4. g3 Nf6 5. Bg2 Ng4 6. O-O d6 7. h3 Nf6 8. Ng5
O-O 9. h4 h6 10. Nh3 Be6 11. b3 Qd7 12. Bb2 Bxh3 13. Bxh3 Qxh3 14. Ba3 Ng4 15.
Re1 Qxg3+ 0-1

[Event "Alberta-ch w"]
[Site "Calgary CAN"]
[Date "2003.04.19"]
[Round "1"]
[White "Chi, Megan"]
[Black "Cui, Maylin"]
[Result "1/2-1/2"]
[WhiteElo "1392"]
[BlackElo "1376"]
[PlyCount "76"]
[EventDate "2003.04.19"]
[EventType "tourn"]
[EventRounds "4"]
[EventCountry "CAN"]

1. d4 d5 2. c4 c6 3. cxd5 cxd5 4. Nc3 Bf5 5. Nf3 Nf6 6. Bf4 e6 7. a3 Bd6 8.
Bxd6 Qxd6 9. e3 a6 10. Be2 Nbd7 11. O-O O-O 12. Rc1 Rac8 13. Bd3 Ne4 14. Bxe4
dxe4 15. Nh4 Nf6 16. Nxf5 exf5 17. h3 f4 18. Qe2 h6 19. Rc2 Rfe8 20. Rfc1 b5
21. Nxe4 Rxc2 22. Nxf6+ Qxf6 23. Rxc2 Qg5 24. Rc5 Qg6 25. Qf3 Qb1+ 26. Kh2 Qxb2
27. Qxf4 Qxa3 28. Rc2 b4 29. Qd6 a5 30. Qc5 Rb8 31. d5 Qd3 32. Rb2 Qa3 33. Rd2
Qc3 34. Qxc3 bxc3 35. Rc2 Rc8 36. d6 Rd8 37. Rxc3 Rxd6 38. Ra3 Ra6 1/2-1/2

[Event "Alberta-ch w"]
[Site "Calgary CAN"]
[Date "2003.04.19"]
[Round "1"]
[White "Kazakevich, Anastasia"]
[Black "Rodioukova (Poliakov), Janna"]
[Result "1-0"]
[WhiteElo "1747"]
[BlackElo "1536"]
[PlyCount "89"]
[EventDate "2003.04.19"]
[EventType "tourn"]
[EventRounds "4"]
[EventCountry "CAN"]

1. d4 d5 2. c4 e6 3. Nc3 Nf6 4. Nf3 Nbd7 5. Bg5 c6 6. e3 Qa5 7. Bxf6 Nxf6 8.
Qa4 Qxa4 9. Nxa4 Bb4+ 10. Nc3 Ne4 11. Rc1 Nxc3 12. bxc3 Ba3 13. Rb1 b6 14. c5
bxc5 15. Rb3 cxd4 16. Rxa3 dxe3 17. fxe3 a6 18. Ne5 Bb7 19. Rb3 f6 20. Rxb7
fxe5 21. Be2 O-O 22. Rf1 c5 23. Rxf8+ Kxf8 24. Bg4 d4 25. cxd4 exd4 26. exd4
cxd4 27. Bxe6 Re8 28. Rf7+ Kg8 29. Re7+ Kf8 30. Rxe8+ Kxe8 31. Kd2 Ke7 32. Bc4
a5 33. Kd3 Kf6 34. Kxd4 Kf5 35. Kc5 Ke4 36. Kb5 Ke3 37. Kxa5 Kf2 38. Bd3 h5 39.
Be4 Kg1 40. Bf3 h4 41. h3 Kh2 42. a4 Kg3 43. Kb5 g5 44. a5 g4 45. Bxg4 1-0

[Event "Alberta-ch w"]
[Site "Calgary CAN"]
[Date "2003.04.19"]
[Round "2"]
[White "Chi, Megan"]
[Black "Kazakevich, Anastasia"]
[Result "0-1"]
[WhiteElo "1392"]
[BlackElo "1747"]
[PlyCount "88"]
[EventDate "2003.04.19"]
[EventType "tourn"]
[EventRounds "4"]
[EventCountry "CAN"]

1. d4 d5 2. c4 c6 3. cxd5 cxd5 4. Nc3 Nc6 5. Nf3 Nf6 6. Bf4 e6 7. e3 Bd6 8.
Bxd6 Qxd6 9. Be2 O-O 10. O-O b6 11. Qc2 Bb7 12. Rac1 a6 13. a3 Rfc8 14. Bd3 h6
15. Rfd1 b5 16. Qb3 Na5 17. Qa2 Nc4 18. h3 Rc7 19. b4 Rac8 20. Nd2 Qd7 21. Nxc4
dxc4 22. Be2 Ne4 23. Qc2 Nxc3 24. Qxc3 Qd5 25. Bf3 Qf5 26. Bxb7 Rxb7 27. Rd2
Rd7 28. Rcd1 Rcd8 29. f3 Qd5 30. e4 Qc6 31. Kf2 Qb6 32. Kf1 Qc6 33. Ke2 f5 34.
exf5 exf5 35. Kf2 Re7 36. Qc2 Qd5 37. Qc3 Rde8 38. Ra2 f4 39. Qc1 Re3 40. Rc2
g5 41. Rc3 Kg7 42. Rxe3 Rxe3 43. Kf1 Kf6 44. Qb2 Rd3 0-1

[Event "Alberta-ch w"]
[Site "Calgary CAN"]
[Date "2003.04.19"]
[Round "2"]
[White "Cui, Maylin"]
[Black "Rodioukova (Poliakov), Janna"]
[Result "1/2-1/2"]
[WhiteElo "1376"]
[BlackElo "1536"]
[PlyCount "73"]
[EventDate "2003.04.19"]
[EventType "tourn"]
[EventRounds "4"]
[EventCountry "CAN"]

1. e4 e5 2. Nf3 Nc6 3. Bb5 a6 4. Bxc6 dxc6 5. d4 Bg4 6. Be3 exd4 7. Qxd4 Qxd4
8. Nxd4 O-O-O 9. Nc3 Nf6 10. f3 Bh5 11. Nde2 Bb4 12. Bg5 h6 13. Bxf6 gxf6 14.
a3 Bc5 15. Nf4 Bg6 16. h4 Bh7 17. g4 Rd6 18. Rd1 Kd7 19. Rh2 Ke7 20. Nh3 Re8
21. Re2 Kf8 22. g5 fxg5 23. hxg5 f6 24. gxf6 Rxf6 25. f4 Rd6 26. e5 Rxd1+ 27.
Nxd1 Bf5 28. Rh2 Kf7 29. c3 Rg8 30. Nhf2 Rh8 31. Ke2 Bxf2 32. Kxf2 c5 33. Ne3
Ke6 34. Kf3 h5 35. Rg2 h4 36. Nxf5 Kxf5 37. Rg5+ 1/2-1/2

[Event "Alberta-ch w"]
[Site "Calgary CAN"]
[Date "2003.04.20"]
[Round "3"]
[White "Cui, Maylin"]
[Black "Kazakevich, Anastasia"]
[Result "0-1"]
[WhiteElo "1376"]
[BlackElo "1747"]
[PlyCount "148"]
[EventDate "2003.04.19"]
[EventType "tourn"]
[EventRounds "4"]
[EventCountry "CAN"]

1. e4 c6 2. d4 d5 3. f3 dxe4 4. fxe4 e5 5. Nf3 exd4 6. Qxd4 Qxd4 7. Nxd4 Bc5 8.
Nf3 Nf6 9. Bd3 Nbd7 10. Nc3 Ng4 11. Nd1 Nge5 12. Be3 Bxe3 13. Nxe5 Nxe5 14.
Nxe3 Be6 15. O-O O-O-O 16. Rfd1 Rd7 17. Be2 Rhd8 18. a3 Rxd1+ 19. Nxd1 Rd2 20.
Bd3 Nxd3 21. cxd3 Rxd3 22. Nf2 Rd2 23. b4 Kd7 24. Re1 Ra2 25. Rd1+ Ke7 26. h3
Rxa3 27. e5 Re3 28. Nd3 b6 29. Kf2 Re4 30. Ra1 Rd4 31. Ke3 Rd7 32. Nf4 g6 33.
Rc1 Bd5 34. Nxd5+ Rxd5 35. Rxc6 Rxe5+ 36. Kf4 Rb5 37. Rc7+ Kf6 38. Rxa7 Rxb4+
39. Kf3 h6 40. Rc7 Rb3+ 41. Ke4 Rg3 42. Rc6+ Kg7 43. Rc2 b5 44. Rb2 b4 45. Kf4
Rg5 46. g4 Rb5 47. Rb3 g5+ 48. Kg3 Kg6 49. h4 gxh4+ 50. Kxh4 h5 51. gxh5+ Rxh5+
52. Kg4 Rb5 53. Kf4 f5 54. Kf3 Kg5 55. Kg3 f4+ 56. Kf3 Kf5 57. Kf2 Ke4 58. Ke2
Kd4 59. Kf3 Kc4 60. Rb1 b3 61. Kxf4 b2 62. Ke3 Kc3 63. Ke4 Kc2 64. Rxb2+ Kxb2
65. Kd4 Kb3 66. Ke4 Kc3 67. Kf4 Rd5 68. Ke4 Kc4 69. Ke3 Rd4 70. Ke2 Kd5 71. Ke3
Ke5 72. Ke2 Ke4 73. Ke1 Kf3 74. Kf1 Rd1# 0-1

[Event "Alekhine"]
[Site "Charlesbourg CAN"]
[Date "2003.09.01"]
[Round "1"]
[White "Beaudoin, Stephane"]
[Black "Coutu, Michel"]
[Result "1-0"]
[WhiteElo "2016"]
[BlackElo "1382"]
[PlyCount "45"]
[EventDate "2003.09.01"]
[EventType "swiss"]
[EventRounds "5"]
[EventCountry "CAN"]

1. e4 c5 2. Nf3 d6 3. d4 cxd4 4. Nxd4 Nf6 5. Nc3 a6 6. Be3 e5 7. Nb3 Be6 8. Qd2
Qc7 9. f3 Bc4 10. O-O-O b5 11. g4 Nfd7 12. Nd5 Qd8 13. Bxc4 bxc4 14. Na5 Qc8
15. Qc3 Nc6 16. Nxc4 Rb8 17. g5 Qb7 18. h4 Nb4 19. Nxb4 Qxb4 20. Qxb4 Rxb4 21.
Nxd6+ Ke7 22. Nxf7 Ke6 23. Nxh8 1-0

[Event "Alekhine"]
[Site "Charlesbourg CAN"]
[Date "2003.09.01"]
[Round "1"]
[White "Caire, Francois"]
[Black "Laplante, Jean-Simon"]
[Result "1-0"]
[WhiteElo "2101"]
[BlackElo "1475"]
[PlyCount "49"]
[EventDate "2003.09.01"]
[EventType "swiss"]
[EventRounds "5"]
[EventCountry "CAN"]

1. d4 Nf6 2. c4 g6 3. g3 Bg7 4. Bg2 c6 5. e4 d6 6. Nc3 O-O 7. Nge2 Na6 8. O-O
c5 9. d5 Bd7 10. h3 Nc7 11. a4 a6 12. a5 e6 13. Be3 Re8 14. Qd2 exd5 15. exd5
Qc8 16. Kh2 Rd8 17. Bg5 Nce8 18. Ra3 Qc7 19. Rfa1 b6 20. axb6 Qxb6 21. Nc1 Qb4
22. Bf1 Ne4 23. Nxe4 Qxd2 24. Nxd2 Bxb2 25. Bxd8 1-0

[Event "Alekhine"]
[Site "Charlesbourg CAN"]
[Date "2003.09.01"]
[Round "1"]
[White "Gendreau, Samuel"]
[Black "Plante, Rejean"]
[Result "0-1"]
[WhiteElo "1345"]
[BlackElo "2115"]
[PlyCount "92"]
[EventDate "2003.09.01"]
[EventType "swiss"]
[EventRounds "5"]
[EventCountry "CAN"]

1. d4 Nf6 2. c4 b6 3. Nf3 Bb7 4. g3 e6 5. Bg2 c5 6. O-O cxd4 7. Nxd4 Nc6 8.
Nxc6 dxc6 9. Qxd8+ Rxd8 10. Bf4 Be7 11. Nc3 O-O 12. Rfd1 h6 13. a3 g5 14. Bd2
Ng4 15. b3 Rd7 16. a4 Bb4 17. Be1 Rfd8 18. Rxd7 Rxd7 19. h3 Nf6 20. Ne4 Be7 21.
Bc3 Ne8 22. Rf1 c5 23. Nd2 Bxg2 24. Kxg2 Bf6 25. Ne4 Bxc3 26. Nxc3 Rd2 27. Kf3
Rc2 28. Nd1 Rd2 29. Nc3 Kf8 30. Ke3 Rb2 31. Rb1 Rxb1 32. Nxb1 Ke7 33. Nc3 Nd6
34. g4 f5 35. f3 Kf6 36. Kd3 Nf7 37. e4 Ne5+ 38. Ke3 f4+ 39. Ke2 Nc6 40. Nb5
Ke5 41. Kf2 a6 42. Na3 Na5 43. Nb1 Nxb3 44. Ke2 Kd4 45. Na3 Na5 46. Kd1 Nxc4
0-1

[Event "Alekhine"]
[Site "Charlesbourg CAN"]
[Date "2003.09.08"]
[Round "2"]
[White "Caron, Sebastien"]
[Black "Beaudoin, Stephane"]
[Result "0-1"]
[WhiteElo "1745"]
[BlackElo "2016"]
[PlyCount "92"]
[EventDate "2003.09.01"]
[EventType "swiss"]
[EventRounds "5"]
[EventCountry "CAN"]

1. e4 g6 2. d4 Bg7 3. Nf3 d6 4. Bc4 e6 5. O-O Ne7 6. c3 O-O 7. Be3 d5 8. exd5
exd5 9. Bd3 Nf5 10. Bd2 Nd6 11. Na3 c6 12. Re1 Nd7 13. Qc2 Nf6 14. Rad1 Bg4 15.
Be2 Nfe4 16. Bc1 Qf6 17. Nb1 Rae8 18. Nbd2 g5 19. Nxe4 Nxe4 20. Be3 Bxf3 21.
Bxf3 Qg6 22. Bc1 Re6 23. Be2 Rfe8 24. Bd3 Qh5 25. f3 Nd6 26. Rxe6 Rxe6 27. b3
g4 28. Rf1 f5 29. Bf4 gxf3 30. Rxf3 Ne4 31. Bxe4 fxe4 32. Rg3 Kh8 33. Qd2 Qf7
34. Be3 Rf6 35. Bf2 Bh6 36. Qe2 Bf4 37. Rh3 Qg6 38. c4 e3 39. Be1 Qe4 40. Rf3
Qxd4 41. Qf1 e2+ 42. Qf2 Be3 43. Rxe3 Rxf2 44. Kxf2 Qh4+ 45. Rg3 c5 46. Kxe2
Qe4+ 0-1

[Event "Alekhine"]
[Site "Charlesbourg CAN"]
[Date "2003.09.08"]
[Round "2"]
[White "Champetier, Serge"]
[Black "Arteau, Benoit"]
[Result "1-0"]
[WhiteElo "2104"]
[BlackElo "1693"]
[PlyCount "67"]
[EventDate "2003.09.01"]
[EventType "swiss"]
[EventRounds "5"]
[EventCountry "CAN"]

1. e4 c5 2. Nc3 Nc6 3. f4 g6 4. Nf3 Bg7 5. Bc4 e6 6. O-O Nge7 7. d3 O-O 8. Qe1
d5 9. Bb3 Na5 10. Qh4 Nxb3 11. axb3 Nc6 12. Qf2 d4 13. Ne2 e5 14. f5 Qe7 15.
Ng3 f6 16. fxg6 hxg6 17. Nh4 Kh7 18. Qe2 Qe8 19. Bd2 Be6 20. Rf2 Ne7 21. Raf1
Qd7 22. Nxg6 Nxg6 23. Qh5+ Kg8 24. Qxg6 Bf7 25. Qf5 Be6 26. Qh5 Bf7 27. Qh4 Bg6
28. Nf5 Bxf5 29. Rxf5 Rf7 30. R1f3 Kf8 31. Rg3 Rc8 32. Rg6 Rc6 33. Qh7 Qe7 34.
Bh6 1-0

[Event "Alekhine"]
[Site "Charlesbourg CAN"]
[Date "2003.09.08"]
[Round "2"]
[White "Cote, Jocelyn"]
[Black "Caire, Francois"]
[Result "0-1"]
[WhiteElo "1849"]
[BlackElo "2101"]
[PlyCount "78"]
[EventDate "2003.09.01"]
[EventType "swiss"]
[EventRounds "5"]
[EventCountry "CAN"]

1. e4 c5 2. Nf3 Nc6 3. d4 cxd4 4. Nxd4 Nf6 5. Nc3 e5 6. Nb3 Bb4 7. Bd3 d5 8.
exd5 Nxd5 9. Bd2 Bxc3 10. bxc3 O-O 11. O-O Qd6 12. a3 Rd8 13. Qh5 f5 14. Rfd1
Nf6 15. Qh4 e4 16. Bf4 Qe7 17. Be2 Be6 18. Nd4 Nxd4 19. cxd4 Rac8 20. Rd2 Rc3
21. Be5 Bd5 22. Qg5 Qe6 23. a4 Rd7 24. Bb5 Rf7 25. Bxf6 Rxf6 26. Re1 a6 27. Bf1
Qc6 28. Qf4 Qxa4 29. Qe5 Qd7 30. Re3 Rfc6 31. Rxc3 Rxc3 32. Qb8+ Rc8 33. Qa7
Qc6 34. h4 Qc3 35. Re2 Qb4 36. g3 Qb1 37. Kg2 e3+ 38. f3 Bxf3+ 39. Kxf3 Qxf1+
0-1

[Event "Alekhine"]
[Site "Charlesbourg CAN"]
[Date "2003.09.08"]
[Round "2"]
[White "Lessard, Claude"]
[Black "Boissinot, Claude"]
[Result "1-0"]
[WhiteElo "1878"]
[BlackElo "1569"]
[PlyCount "80"]
[EventDate "2003.09.01"]
[EventType "swiss"]
[EventRounds "5"]
[EventCountry "CAN"]

1. d4 Nf6 2. Nf3 e6 3. c4 Be7 4. Nc3 d5 5. e3 O-O 6. Bd3 a6 7. cxd5 exd5 8. O-O
b5 9. Ne5 Bb7 10. f4 Nbd7 11. Qf3 b4 12. Ne2 Ne4 13. g4 f6 14. Nxd7 Qxd7 15.
Ng3 Nxg3 16. Qxg3 Bc8 17. h3 g6 18. Bd2 Rf7 19. Rac1 c6 20. b3 Bb7 21. Qf2 Rd8
22. Qe2 a5 23. e4 dxe4 24. Bc4 c5 25. Bxf7+ Kxf7 26. d5 Bxd5 27. Be3 Rc8 28.
Rfd1 Qb7 29. Rc2 Qa8 30. Rcd2 Rd8 31. f5 Kg7 32. fxg6 hxg6 33. h4 a4 34. h5 g5
35. Qf2 Qc6 36. Qf5 Qd6 37. Kg2 Qa6 38. Kh3 Bf7 39. Rxd8 Bxd8 40. Rxd8 Bxh5 1-0